000 00543nam a2200193Ia 4500
005 20260120124607.0
008 008 260114s9999 xx 000 0 eng d
020 _a9781848558663
037 _aEBOOK
040 _aCRL
_beng
_cCRL
041 _aeng
_2eng
084 _qCRL
100 _aPeter Walgenbach
_9908180
245 0 _aInstitutions and Ideology
260 _bEmerald Publishing
_c2009
856 _uhttps://www.emerald.com/insight/publication/doi/10.1108/S0733-558X(2009)27
942 _cEBOOK
999 _c1500069
_d1500069